[Event "Bad Wiessee Senioren Cup 8th"]
[Site "Bad Wiessee"]
[Date "2019.05.13"]
[Round "3"]
[White "Huhn, Ulrich"]
[Black "Bade, Uwe"]
[Result "0-1"]
[WhiteElo "1842"]
[BlackElo "2179"]
[PlyCount "72"]
[EventDate "2019.05.11"]
[EventType "swiss"]
[EventRounds "9"]
[EventCountry "GER"]
[SourceTitle "EXT 2020"]
[Source "ChessBase"]
[SourceDate "2019.10.17"]
[SourceVersion "1"]
[SourceVersionDate "2019.10.17"]
[SourceQuality "1"]

1. d4 c5 2. Nf3 cxd4 3. Nxd4 d5 4. Nc3 Nf6 5. Bg5 e6 6. e4 dxe4 7. Bxf6 Qxf6 8. Bb5+ Bd7 9. Bxd7+ Nxd7 10. 0-0 0-0-0 11. Ndb5 Nc5 12. Qe2 Kb8 13. Rfd1 Be7 14. Qe3 Qg5 15. Qe2 Qe5 16. b4 Na6 17. Qe3 b6 18. a3 f5 19. Rdb1 Bf6 20. a4 f4 21. Qe2 e3 22. a5 exf2+ 23. Qxf2 Nc7 24. Nxa7 Qxc3 25. Qxb6+ Ka8 26. Nc6 Bd4+ 27. Nxd4 Qxd4+ 28. Kh1 Qc4 29. Rd1 Rb8 30. Rd7 Rxb6 31. axb6+ Na6 32. Ra7+ Kb8 33. R7xa6 Rc8 34. Ra8+ Kb7 35. R1a7+ Kxb6 36. Rxc8 Qf1# 0-1

[Event "GER-chB Seniors 29th"]
[Site "Berlin"]
[Date "2017.08.08"]
[Round "1"]
[White "Junghaenel, Dieter"]
[Black "Huhn, Ulrich"]
[Result "0-1"]
[WhiteElo "1704"]
[BlackElo "1874"]
[PlyCount "67"]
[EventDate "2017.08.07"]
[EventType "swiss"]
[EventRounds "9"]
[EventCountry "GER"]
[SourceTitle "EXT 2019"]
[Source "ChessBase"]
[SourceDate "2018.10.10"]
[SourceVersion "1"]
[SourceVersionDate "2018.10.10"]
[SourceQuality "1"]

1. Nf3 d5 2. d4 Nf6 3. g3 Bf5 4. Bg2 c6 5. Nbd2 e6 6. c3 Ne4 7. Nh4 Nxd2 8. Bxd2 Bg6 9. f4 Be7 10. Nf3 Nd7 11. 0-0 Be4 12. Ne5 Bxg2 13. Kxg2 Nf6 14. Nf3 Ne4 15. Qc2 0-0 16. Be3 f5 17. Nd2 Nd6 18. Rh1 Nc4 19. Nxc4 dxc4 20. Rag1 b5 21. a3 a5 22. Qb1 c5 23. Rd1 Qb6 24. Qa2 Rfd8 25. Rhf1 Rac8 26. Kg1 cxd4 27. Bxd4 Bc5 28. e3 Rd5 29. Rfe1 Rcd8 30. b4 cxb3 31. Qxb3 Qd6 32. Bxc5 Qxc5 33. Rxd5 Qxd5 34. Kf2 0-1

[Event "GER-chB Seniors 28th"]
[Site "Niederhausen"]
[Date "2016.08.17"]
[Round "5"]
[White "Huhn, Ulrich"]
[Black "Babichev, Vyacheslav"]
[Result "0-1"]
[WhiteElo "1845"]
[BlackElo "1830"]
[PlyCount "104"]
[EventDate "2016.08.13"]
[EventType "swiss"]
[EventRounds "9"]
[EventCountry "GER"]
[SourceTitle "EXT 2019"]
[Source "ChessBase"]
[SourceDate "2018.10.10"]
[SourceVersion "1"]
[SourceVersionDate "2018.10.10"]
[SourceQuality "1"]

1. d4 Nf6 2. Nc3 e6 3. Bg5 h6 4. Bh4 g5 5. Bg3 Nh5 6. e4 Nxg3 7. hxg3 Bb4 8. Bc4 Nc6 9. a3 Bxc3+ 10. bxc3 Na5 11. Bd3 b6 12. f4 Qf6 13. e5 Qg7 14. Be4 Bb7 15. Bxb7 Nxb7 16. Qf3 0-0-0 17. f5 exf5 18. Qxf5 Kb8 19. Ne2 d6 20. Rf1 Rhf8 21. Qf6 Qh7 22. Qf5 Qg8 23. Qf6 h5 24. Rf5 dxe5 25. Rxe5 Qh7 26. Qf5 Qxf5 27. Rxf5 f6 28. 0-0-0 Nd6 29. Rff1 Nc4 30. Rh1 Rde8 31. Rde1 Nxa3 32. Kd2 Nc4+ 33. Kd3 b5 34. d5 Re3+ 35. Kd4 Rfe8 36. Rb1 Rxe2 37. Rxb5+ Nb6 38. c4 R2e4+ 39. Kd3 Rxc4 40. Rxb6+ axb6 41. Kxc4 Re2 42. Kd3 Rxg2 43. Rxh5 Rxg3+ 44. Kd4 Rg4+ 45. Kd3 Rh4 46. Rxh4 gxh4 47. Ke3 Kc8 48. Kf3 f5 49. Kg2 f4 50. Kh3 f3 51. Kh2 b5 52. Kg1 h3 0-1

[Event "GER-chB Seniors 28th"]
[Site "Niederhausen"]
[Date "2016.08.15"]
[Round "3"]
[White "Huhn, Ulrich"]
[Black "Heymann, Walter"]
[Result "1/2-1/2"]
[WhiteElo "1845"]
[BlackElo "1799"]
[PlyCount "167"]
[EventDate "2016.08.13"]
[EventType "swiss"]
[EventRounds "9"]
[EventCountry "GER"]
[SourceTitle "EXT 2019"]
[Source "ChessBase"]
[SourceDate "2018.10.10"]
[SourceVersion "1"]
[SourceVersionDate "2018.10.10"]
[SourceQuality "1"]

1. d4 d6 2. c4 Nf6 3. Nc3 e5 4. dxe5 dxe5 5. Qxd8+ Kxd8 6. Bg5 c6 7. Nf3 Bd6 8. Ne4 Bb4+ 9. Nfd2 Nbd7 10. a3 Be7 11. 0-0-0 Kc7 12. Nxf6 gxf6 13. Bh4 Nb6 14. e4 Be6 15. Be2 Rhd8 16. b4 a5 17. c5 Na4 18. Kc2 axb4 19. axb4 b6 20. cxb6+ Nxb6 21. Ra1 Bxb4 22. Nf3 Nd7 23. Rhb1 Rxa1 24. Rxa1 Bc5 25. Nd2 Bd4 26. Ra3 Bc5 27. Ra1 Rb8 28. Bc4 Rg8 29. Bxe6 fxe6 30. Bg3 f5 31. f4 Bd4 32. Ra3 exf4 33. Bxf4+ e5 34. Rg3 Ra8 35. Bh6 Ra2+ 36. Kd1 f4 37. Rg7 c5 38. g3 Be3 39. Nc4 Rxh2 40. Nxe3 Rxh6 41. gxf4 Kc6 42. fxe5 Nxe5 43. Re7 Rh1+ 44. Ke2 Rh2+ 45. Ke1 Ng6 46. Re8 Kd7 47. Ra8 Nf4 48. Ng4 Rh4 49. Ne5+ Kc7 50. Kf2 Ng6 51. Nxg6 hxg6 52. Kf3 Rh1 53. Rg8 Rg1 54. e5 Kc6 55. Ke4 Rg4+ 56. Kf3 Rg1 57. Ke4 g5 58. Kf5 Rf1+ 59. Ke4 Rf4+ 60. Ke3 Rg4 61. Kf3 Rg1 62. Kf2 Rg4 63. Kf3 Rf4+ 64. Ke3 Kd5 65. Rxg5 Re4+ 66. Kd3 c4+ 67. Kc2 Kd4 68. Rg3 Re2+ 69. Kd1 Rxe5 70. Kc2 Re2+ 71. Kd1 Rh2 72. Rf3 Kc5 73. Rg3 Kb4 74. Rf3 Ra2 75. Kc1 Ra1+ 76. Kb2 Re1 77. Kc2 Re2+ 78. Kc1 c3 79. Rf8 Re3 80. Kc2 Rg3 81. Re8 Rg2+ 82. Kc1 Kc4 83. Rc8+ Kd4 84. Rd8+ 1/2-1/2

[Event "Hessen-ch Seniors op 12th"]
[Site "Bad Sooden-Allendorf"]
[Date "2016.05.08"]
[Round "8"]
[White "Huhn, Ulrich"]
[Black "Kotlar, Alfred"]
[Result "1/2-1/2"]
[WhiteElo "1846"]
[BlackElo "2052"]
[PlyCount "107"]
[EventDate "2016.04.30"]
[EventType "swiss"]
[EventRounds "9"]
[EventCountry "GER"]
[SourceTitle "EXT 2019"]
[Source "ChessBase"]
[SourceDate "2018.10.10"]
[SourceVersion "1"]
[SourceVersionDate "2018.10.10"]
[SourceQuality "1"]

1. d4 d5 2. Nc3 Nf6 3. Bg5 e6 4. e4 Be7 5. exd5 Nxd5 6. Bxe7 Nxe7 7. Nf3 0-0 8. Bd3 Nbc6 9. 0-0 Ng6 10. Be4 Nce7 11. Qd2 c6 12. Rad1 Qc7 13. Rfe1 b6 14. Qg5 h6 15. Qe3 Nf4 16. Ne5 Nfd5 17. Qg3 f6 18. Ng6 Qxg3 19. Nxe7+ Nxe7 20. hxg3 Nd5 21. f4 f5 22. Bf3 Bd7 23. a3 Rac8 24. Rd3 b5 25. Na2 Kf7 26. c3 g5 27. Nb4 Nb6 28. Na6 g4 29. Bd1 Rfe8 30. Nc5 Re7 31. Bb3 Rce8 32. Rde3 Bc8 33. Re5 Kf6 34. Kf2 Nd5 35. Rh1 Rh8 36. Rh5 Kg6 37. Rh4 h5 38. Bxd5 cxd5 39. Rh1 Kf6 40. Ke3 Reh7 41. Rh4 Ke7 42. Kd2 Kd6 43. Kc2 a5 44. Nb3 Ra7 45. Re1 Rh6 46. Ra1 Bd7 47. Nc5 Be8 48. Rah1 Rhh7 49. Re1 Rh6 50. Re2 Bd7 51. Rh1 Bc8 52. Ree1 Bd7 53. Kb3 Be8 54. Ka2 1/2-1/2

[Event "Bad Woerishofen Seniors op 32nd"]
[Site "Bad Woerishofen"]
[Date "2016.02.29"]
[Round "4"]
[White "Huhn, Ulrich"]
[Black "Titz, Waldemar"]
[Result "1/2-1/2"]
[WhiteElo "1873"]
[BlackElo "1725"]
[PlyCount "47"]
[EventDate "2016.02.26"]
[EventType "swiss"]
[EventRounds "9"]
[EventCountry "GER"]
[SourceTitle "EXT 2019"]
[Source "ChessBase"]
[SourceDate "2018.10.10"]
[SourceVersion "1"]
[SourceVersionDate "2018.10.10"]
[SourceQuality "1"]

1. d4 Nf6 2. Nc3 d6 3. Bg5 Nbd7 4. e4 c6 5. f4 Qa5 6. Qd2 g6 7. Nf3 Bg7 8. e5 dxe5 9. fxe5 Nd5 10. Nxd5 Qxd2+ 11. Kxd2 cxd5 12. Re1 e6 13. h4 h6 14. Bf4 Nb6 15. b3 Bd7 16. c4 dxc4 17. bxc4 Bc6 18. Bd3 0-0-0 19. Be3 Bf8 20. c5 Nd5 21. Bc4 Nxe3 22. Kxe3 Be7 23. Rd1 Rd7 24. Rd3 1/2-1/2

[Event "Bad Woerishofen Seniors op 32nd"]
[Site "Bad Woerishofen"]
[Date "2016.02.28"]
[Round "3"]
[White "Aufmwasser, Guenter"]
[Black "Huhn, Ulrich"]
[Result "1/2-1/2"]
[WhiteElo "1701"]
[BlackElo "1873"]
[PlyCount "81"]
[EventDate "2016.02.26"]
[EventType "swiss"]
[EventRounds "9"]
[EventCountry "GER"]
[SourceTitle "EXT 2019"]
[Source "ChessBase"]
[SourceDate "2018.10.10"]
[SourceVersion "1"]
[SourceVersionDate "2018.10.10"]
[SourceQuality "1"]

1. f4 d5 2. Nf3 Nf6 3. e3 Bf5 4. b3 e6 5. Bb2 Be7 6. Bb5+ c6 7. Be2 h6 8. 0-0 0-0 9. Ne5 Nbd7 10. Bd3 Bxd3 11. Nxd3 Ne4 12. Nc3 f5 13. Ne5 Bf6 14. Nxe4 dxe4 15. Rb1 Qc7 16. Nxd7 Qxd7 17. Bxf6 Rxf6 18. d4 exd3 19. Qxd3 Qxd3 20. cxd3 Rd8 21. d4 Rf7 22. Rf2 Rd5 23. Rbb2 Rfd7 24. g3 Kf7 25. Kg2 Rb5 26. h4 Kf6 27. Kf3 a5 28. h5 g5 29. hxg6 Kxg6 30. Rbc2 h5 31. Rh2 Rb4 32. Rc4 Rd5 33. Rxb4 axb4 34. Rc2 Ra5 35. Ke2 h4 36. gxh4 Kh5 37. Kd3 Kxh4 38. Kc4 Rb5 39. Rg2 Kh5 40. Rg5+ Kh6 41. Rg2 1/2-1/2

[Event "GER-chA Seniors 27th"]
[Site "Magdeburg"]
[Date "2015.08.16"]
[Round "2"]
[White "Nauschuetz, Ernst"]
[Black "Huhn, Ulrich"]
[Result "0-1"]
[WhiteElo "2028"]
[BlackElo "1897"]
[PlyCount "181"]
[EventDate "2015.08.15"]
[EventType "swiss"]
[EventRounds "9"]
[EventCountry "GER"]
[SourceTitle "EXT 2018"]
[Source "ChessBase"]
[SourceDate "2017.10.13"]
[SourceVersion "1"]
[SourceVersionDate "2017.10.13"]
[SourceQuality "1"]

1. c4 Nf6 2. g3 d5 3. cxd5 Nxd5 4. Bg2 e5 5. Nf3 Bd6 6. 0-0 0-0 7. d4 e4 8. Nfd2 f5 9. Nc4 c6 10. Nxd6 Qxd6 11. Nc3 Be6 12. Nxd5 Bxd5 13. Bf4 Qb4 14. b3 a5 15. Qd2 Qa3 16. Rab1 Na6 17. Qb2 Qxb2 18. Rxb2 b5 19. Rc1 h6 20. h4 Rf7 21. Bf1 Rb7 22. a3 Nc7 23. Bh3 Rf8 24. Bd6 Rf7 25. g4 fxg4 26. Bxg4 Rf6 27. Bg3 Ne6 28. e3 Nf8 29. Kg2 Ng6 30. b4 a4 31. h5 Ne7 32. Be5 Rf7 33. Bf4 Nf5 34. Rh1 Nxd4 35. Rd1 Nf5 36. Rbd2 Rbd7 37. Kh3 Kf8 38. Kg2 Ke8 39. Kh3 Be6 40. Rxd7 Rxd7 41. Rxd7 Kxd7 42. Bxf5 Bxf5+ 43. Kg3 Ke6 44. Bc7 c5 45. bxc5 b4 46. axb4 a3 47. Kf4 g5+ 48. hxg6 Bxg6 49. Be5 Kd5 50. Bd4 Be8 51. Bg7 h5 52. f3 exf3 53. Kxf3 Kc4 54. Kf4 Kxb4 55. Bd4 a2 56. Kg5 Kb5 57. Kh4 Kc6 58. Kg5 Kd5 59. Kh4 Ke6 60. Kg5 Bf7 61. Kf4 Be8 62. Kg5 Bg6 63. Kf4 Kd5 64. Kg5 Ke6 65. Kf4 Bf5 66. Kg3 Bg4 67. Kf4 Ke7 68. Kg5 Kf7 69. Kf4 Kg6 70. Ba1 Bc8 71. Bd4 h4 72. Ba1 h3 73. Kg3 Kf5 74. Bd4 Bd7 75. Ba1 Ke6 76. Bd4 Kd5 77. Kh2 Bf5 78. Kg3 Ke4 79. Kf2 Bc8 80. Kg3 Bg4 81. Kf2 Bf3 82. Kg3 Bg4 83. Kf2 Kf5 84. Kg3 Kg5 85. Bc3 Bc8 86. Bb2 Bg4 87. Bc3 Kf5 88. Bb2 Ke4 89. Bd4 Kd3 90. Kf2 Kc2 91. c6 0-1

[Event "Hessen-ch Seniors op 11th"]
[Site "Bad Sooden-Allendorf"]
[Date "2015.05.17"]
[Round "9"]
[White "Becker, Guenter"]
[Black "Huhn, Ulrich"]
[Result "1/2-1/2"]
[WhiteElo "1820"]
[BlackElo "1901"]
[PlyCount "120"]
[EventDate "2015.05.09"]
[EventType "swiss"]
[EventRounds "9"]
[EventCountry "GER"]
[SourceTitle "EXT 2018"]
[Source "ChessBase"]
[SourceDate "2017.10.13"]
[SourceVersion "1"]
[SourceVersionDate "2017.10.13"]
[SourceQuality "1"]

1. c4 Nf6 2. g3 d5 3. cxd5 Nxd5 4. Bg2 e5 5. Nc3 c6 6. Qb3 Nxc3 7. bxc3 Qb6 8. Rb1 Bc5 9. e3 Bf5 10. Qxb6 Bxb6 11. e4 Bc8 12. Nf3 f6 13. d4 exd4 14. cxd4 0-0 15. 0-0 Na6 16. Re1 Bg4 17. Be3 Rad8 18. Red1 Rfe8 19. h3 Bh5 20. g4 Bg6 21. Nd2 Re7 22. Nc4 Bxe4 23. Bxe4 Rxe4 24. Nxb6 axb6 25. Rxb6 Rd7 26. Kf1 Kf8 27. Rdb1 Ree7 28. h4 Ke8 29. Kg2 Kd8 30. Kg3 Kc8 31. R1b3 Rd5 32. Kf4 Ra5 33. Rb2 Ra4 34. Kf3 g6 35. Kg3 Nb8 36. Kf3 Rd7 37. Kg3 Ra3 38. Kf4 Rc7 39. Ke4 Nd7 40. R6b4 Nf8 41. d5 Re7+ 42. Kf4 cxd5 43. Bc5 Rf7 44. Bxf8 Rxf8 45. Rxb7 Ra4+ 46. Kg3 Ra8 47. Rxh7 f5 48. gxf5 Ra3+ 49. Rb3 Rxb3+ 50. axb3 Rxf5 51. Rg7 Rf6 52. f4 d4 53. Re7 Rb6 54. Kf2 Rxb3 55. Re6 Rh3 56. Rxg6 Rxh4 57. Kg3 Rh7 58. Rd6 Rd7 59. Rxd7 Kxd7 60. Kf3 Ke6 1/2-1/2

[Event "Hessen-ch Seniors op 11th"]
[Site "Bad Sooden-Allendorf"]
[Date "2015.05.13"]
[Round "5"]
[White "Mittelstaedt, Ewald"]
[Black "Huhn, Ulrich"]
[Result "1/2-1/2"]
[WhiteElo "1591"]
[BlackElo "1901"]
[PlyCount "134"]
[EventDate "2015.05.09"]
[EventType "swiss"]
[EventRounds "9"]
[EventCountry "GER"]
[SourceTitle "EXT 2018"]
[Source "ChessBase"]
[SourceDate "2017.10.13"]
[SourceVersion "1"]
[SourceVersionDate "2017.10.13"]
[SourceQuality "1"]

1. d4 d5 2. Bf4 Bf5 3. Nd2 Nf6 4. h3 e6 5. e3 Bd6 6. Bg5 h6 7. Bxf6 Qxf6 8. Ngf3 Nd7 9. c3 c6 10. Be2 a5 11. c4 Bb4 12. a3 Bxd2+ 13. Qxd2 0-0 14. 0-0 dxc4 15. Bxc4 Qe7 16. Rfe1 Nf6 17. Qc1 Rad8 18. Nd2 Ne4 19. Nxe4 Bxe4 20. f3 Bg6 21. Rd1 Qg5 22. Bd3 Bxd3 23. Rxd3 c5 24. Qd2 cxd4 25. Rxd4 Rxd4 26. Qxd4 Rd8 27. Qc3 Qd5 28. e4 Qd2 29. Rc1 Qxc3 30. Rxc3 b5 31. Rb3 Rb8 32. a4 b4 33. Rd3 Rc8 34. b3 Rc3 35. Rd8+ Kh7 36. Ra8 Rxb3 37. Rxa5 Ra3 38. Ra7 Ra1+ 39. Kh2 Kg6 40. Rb7 Kf6 41. a5 b3 42. Rxb3 Rxa5 43. Rb2 h5 44. g4 hxg4 45. hxg4 Ra7 46. Kg3 Ke5 47. Rb5+ Kd4 48. Kf4 f6 49. g5 Re7 50. gxf6 gxf6 51. Rb4+ Kc5 52. Ra4 Rb7 53. Ra3 Kd6 54. Ke3 Kd7 55. f4 Ke7 56. Rc3 Kf7 57. Ra3 Kg6 58. Rc3 Rh7 59. Kd4 Rd7+ 60. Ke3 Rd1 61. Ke2 Rh1 62. Rg3+ Kf7 63. Rf3 Ra1 64. Rd3 Ra2+ 65. Rd2 Ra4 66. Ke3 Kg6 67. Rg2+ Kf7 1/2-1/2

[Event "GER-chB Seniors 26th"]
[Site "Bad Neuenahr"]
[Date "2014.08.11"]
[Round "7"]
[White "Huhn, Ulrich"]
[Black "Kurpiela, Franz"]
[Result "1-0"]
[WhiteElo "1935"]
[BlackElo "1687"]
[PlyCount "36"]
[EventDate "2014.08.05"]
[EventType "swiss"]
[EventRounds "9"]
[EventCountry "GER"]
[SourceTitle "EXT 2018"]
[Source "ChessBase"]
[SourceDate "2017.10.13"]
[SourceVersion "1"]
[SourceVersionDate "2017.10.13"]
[SourceQuality "1"]

1. d4 Nf6 2. Nc3 e6 3. Bg5 Bb4 4. a3 Bxc3+ 5. bxc3 d5 6. Nf3 b6 7. e3 Nbd7 8. Bb5 0-0 9. 0-0 c5 10. Bc6 Rb8 11. Bf4 Ba6 12. Bxb8 Bxf1 13. Bd6 Bxg2 14. Kxg2 Re8 15. Ne5 Nxe5 16. Bxe5 Re7 17. Bxf6 gxf6 18. Qg4+ Kf8 1-0

[Event "GER-chB Seniors 26th"]
[Site "Bad Neuenahr"]
[Date "2014.08.07"]
[Round "3"]
[White "Lubner, Wolfgang"]
[Black "Huhn, Ulrich"]
[Result "1/2-1/2"]
[WhiteElo "1800"]
[BlackElo "1935"]
[PlyCount "61"]
[EventDate "2014.08.05"]
[EventType "swiss"]
[EventRounds "9"]
[EventCountry "GER"]
[SourceTitle "EXT 2018"]
[Source "ChessBase"]
[SourceDate "2017.10.13"]
[SourceVersion "1"]
[SourceVersionDate "2017.10.13"]
[SourceQuality "1"]

1. e4 d5 2. exd5 Nf6 3. Bb5+ Bd7 4. Bxd7+ Qxd7 5. Nc3 Nxd5 6. Nxd5 Qxd5 7. Qf3 c6 8. Qxd5 cxd5 9. d4 Nc6 10. c3 e6 11. Bf4 0-0-0 12. Nf3 Bd6 13. Bxd6 Rxd6 14. Ng5 Rd7 15. f4 h6 16. Nf3 Rc7 17. Kd2 b5 18. Ne5 a5 19. Nxc6 Rxc6 20. a4 Rb6 21. axb5 Rxb5 22. Kc2 Kc7 23. Rhb1 Rhb8 24. Ra2 R8b7 25. g4 g6 26. h4 Kd6 27. Rh1 Ke7 28. Re1 Rb8 29. Re2 Rg8 30. Kd3 h5 31. g5 1/2-1/2

[Event "Hessen-ch Seniors op 10th"]
[Site "Bad Sooden-Allendorf"]
[Date "2014.05.03"]
[Round "8"]
[White "Huhn, Ulrich"]
[Black "Kripp, Wolfgang"]
[Result "0-1"]
[WhiteElo "1908"]
[BlackElo "2076"]
[PlyCount "63"]
[EventDate "2014.04.26"]
[EventType "swiss"]
[EventRounds "9"]
[EventCountry "GER"]
[SourceTitle "EXT 2018"]
[Source "ChessBase"]
[SourceDate "2017.10.13"]
[SourceVersion "1"]
[SourceVersionDate "2017.10.13"]
[SourceQuality "1"]

1. d4 d5 2. Nc3 Nf6 3. Bg5 c6 4. Nf3 Ne4 5. Bd2 Bf5 6. e3 e6 7. Bd3 Nd7 8. 0-0 Bd6 9. Ne2 Bg4 10. Ng3 Bxf3 11. gxf3 Nxd2 12. Qxd2 f5 13. f4 h5 14. f3 h4 15. Nh1 Qc7 16. c4 dxc4 17. Bxc4 Ke7 18. Rf2 h3 19. Rc1 Nb6 20. Bb3 Nd5 21. Bxd5 exd5 22. Ng3 Raf8 23. Ne2 Rhg8 24. Kh1 Kd8 25. Rg1 Be7 26. Rff1 Bh4 27. Nc1 g5 28. fxg5 Rxg5 29. Rxg5 Bxg5 30. f4 Bh4 31. Rg1 Qe7 32. Nd3 0-1

[Event "Hessen-ch Seniors op 10th"]
[Site "Bad Sooden-Allendorf"]
[Date "2014.05.02"]
[Round "7"]
[White "Huhn, Ulrich"]
[Black "Wieprecht, Gerhard"]
[Result "1-0"]
[WhiteElo "1908"]
[BlackElo "1929"]
[PlyCount "51"]
[EventDate "2014.04.26"]
[EventType "swiss"]
[EventRounds "9"]
[EventCountry "GER"]
[SourceTitle "EXT 2018"]
[Source "ChessBase"]
[SourceDate "2017.10.13"]
[SourceVersion "1"]
[SourceVersionDate "2017.10.13"]
[SourceQuality "1"]

1. d4 Nf6 2. Nc3 e6 3. Bg5 d5 4. e4 Bb4 5. e5 h6 6. exf6 hxg5 7. fxg7 Rg8 8. Qh5 Qf6 9. Nf3 Qxg7 10. h4 g4 11. Ne5 Nd7 12. 0-0-0 Nxe5 13. Qxe5 Qxe5 14. dxe5 Bd7 15. h5 0-0-0 16. h6 Rh8 17. h7 Bc5 18. Bd3 Bxf2 19. Rdf1 g3 20. Nd1 Rdf8 21. Nxf2 gxf2 22. Rxf2 c5 23. Rhf1 Kd8 24. Rxf7 Rxf7 25. Rxf7 c4 26. Rg7 1-0

[Event "Hessen-ch Seniors op 10th"]
[Site "Bad Sooden-Allendorf"]
[Date "2014.04.30"]
[Round "5"]
[White "Huhn, Ulrich"]
[Black "Kotlar, Alfred"]
[Result "0-1"]
[WhiteElo "1908"]
[BlackElo "2078"]
[PlyCount "70"]
[EventDate "2014.04.26"]
[EventType "swiss"]
[EventRounds "9"]
[EventCountry "GER"]
[SourceTitle "EXT 2018"]
[Source "ChessBase"]
[SourceDate "2017.10.13"]
[SourceVersion "1"]
[SourceVersionDate "2017.10.13"]
[SourceQuality "1"]

1. d4 d5 2. Nc3 Nf6 3. Bg5 c6 4. Nf3 Qb6 5. Rb1 Bf5 6. e3 Nbd7 7. Bd3 Bg4 8. h3 Bh5 9. Be2 e6 10. Ne5 Bg6 11. h4 h6 12. Nxg6 fxg6 13. Bf4 Be7 14. Bd3 Kf7 15. Qf3 c5 16. h5 gxh5 17. Qg3 g5 18. Bc7 h4 19. Rxh4 Bd6 20. Bxd6 c4 21. Rh2 cxd3 22. cxd3 Rac8 23. Kd2 Rcg8 24. Bc7 Qa6 25. e4 dxe4 26. dxe4 Qc6 27. f3 Qc4 28. Ke3 Rc8 29. Be5 Qb4 30. Rhh1 Rxc3+ 31. bxc3 Qxc3+ 32. Ke2 Qc2+ 33. Ke3 Rc8 34. Rb3 Nb6 35. d5 Nfxd5+ 0-1

[Event "Hessen-ch Seniors op 10th"]
[Site "Bad Sooden-Allendorf"]
[Date "2014.04.27"]
[Round "2"]
[White "Skorna, Ullrich"]
[Black "Huhn, Ulrich"]
[Result "1-0"]
[WhiteElo "2144"]
[BlackElo "1908"]
[PlyCount "117"]
[EventDate "2014.04.26"]
[EventType "swiss"]
[EventRounds "9"]
[EventCountry "GER"]
[SourceTitle "EXT 2018"]
[Source "ChessBase"]
[SourceDate "2017.10.13"]
[SourceVersion "1"]
[SourceVersionDate "2017.10.13"]
[SourceQuality "1"]

1. e4 d5 2. exd5 Nf6 3. d4 Nxd5 4. c4 Nf6 5. Nf3 Bg4 6. Be2 c6 7. 0-0 e6 8. Be3 Be7 9. Nc3 Nbd7 10. h3 Bh5 11. Qd2 0-0 12. a3 a5 13. Rad1 Qc7 14. Rc1 Rad8 15. Rfe1 Nc5 16. Bf4 Bd6 17. Bxd6 Qxd6 18. Qe3 Nb3 19. c5 Qd7 20. Rcd1 Bxf3 21. Bxf3 Nxd4 22. Kh1 e5 23. Qxe5 Rfe8 24. Qf4 Nxf3 25. Qxf3 Rxe1+ 26. Rxe1 Re8 27. Rd1 Qe7 28. Kh2 Qe5+ 29. Qg3 Qxg3+ 30. Kxg3 Kf8 31. Kf3 Ke7 32. Ke3 Rc8 33. Rd4 Ke6 34. Ra4 Nd5+ 35. Nxd5 Kxd5 36. Rxa5 Re8+ 37. Kd2 Kc4 38. Ra7 Re7 39. b4 h5 40. h4 g6 41. g3 Kd4 42. Ra8 Kc4 43. Rd8 Kb3 44. Rd3+ Kc4 45. Rc3+ Kd4 46. Rf3 Kc4 47. Rd3 Kb5 48. Kc3 Re2 49. Rd7 Rxf2 50. Rxb7+ Ka6 51. Rb6+ Ka7 52. Rxc6 Rf3+ 53. Kc4 Rxa3 54. Rc7+ Kb8 55. Rxf7 Rxg3 56. c6 g5 57. Kc5 Rg4 58. b5 gxh4 59. Rf8+ 1-0

[Event "Bad Woerishofen Seniors op 30th"]
[Site "Bad Woerishofen"]
[Date "2014.03.28"]
[Round "8"]
[White "Harsch, Martin"]
[Black "Huhn, Ulrich"]
[Result "1-0"]
[WhiteElo "2013"]
[BlackElo "1908"]
[PlyCount "51"]
[EventDate "2014.03.21"]
[EventType "swiss"]
[EventRounds "9"]
[EventCountry "GER"]
[SourceTitle "EXT 2019"]
[Source "ChessBase"]
[SourceDate "2018.10.10"]
[SourceVersion "1"]
[SourceVersionDate "2018.10.10"]
[SourceQuality "1"]

1. e4 d5 2. exd5 Nf6 3. d4 Nxd5 4. Nf3 Bg4 5. c4 Nf6 6. Be2 c6 7. 0-0 e6 8. h3 Bh5 9. Nc3 Be7 10. Be3 0-0 11. g4 Bg6 12. Ne5 Nbd7 13. f4 h6 14. Nxg6 fxg6 15. Bd3 Qe8 16. Qc2 Kh7 17. Rae1 Rh8 18. Kg2 Nf8 19. d5 cxd5 20. cxd5 Bb4 21. dxe6 Qc6+ 22. Kh2 Bxc3 23. bxc3 Nd5 24. Bd4 Nxe6 25. Bxg6+ Kg8 26. Qf5 1-0

[Event "MVP-ch Seniors op 13th"]
[Site "Binz"]
[Date "2013.12.05"]
[Round "9"]
[White "Lehmann, Erwin"]
[Black "Huhn, Ulrich"]
[Result "1/2-1/2"]
[WhiteElo "1881"]
[BlackElo "1740"]
[PlyCount "65"]
[EventDate "2013.11.27"]
[EventType "swiss"]
[EventRounds "9"]
[EventCountry "GER"]
[SourceTitle "EXT 2015"]
[Source "ChessBase"]
[SourceDate "2014.11.20"]
[SourceVersion "1"]
[SourceVersionDate "2014.11.20"]
[SourceQuality "1"]

1. c4 Nf6 2. g3 d5 3. cxd5 Nxd5 4. Bg2 c6 5. Nf3 Bf5 6. d3 Bg6 7. Nc3 e6 8. 0-0 Be7 9. a3 Nd7 10. Nxd5 exd5 11. Bf4 0-0 12. Rc1 Bf6 13. d4 Re8 14. Re1 Be4 15. Qd2 a5 16. a4 Qb6 17. Bh3 Nf8 18. Ne5 Rad8 19. f3 Bg6 20. Kg2 Ne6 21. Bxe6 Rxe6 22. e3 Bxe5 23. Bxe5 f6 24. Bf4 Rde8 25. h4 h6 26. g4 Kf7 27. h5 Bh7 28. Rc5 Ra8 29. Qc3 Ree8 30. Kf2 Ra7 31. Ra1 Qd8 32. Rg1 Re6 33. Qd2 1/2-1/2

[Event "MVP-ch Seniors op 13th"]
[Site "Binz"]
[Date "2013.12.04"]
[Round "8"]
[White "Huhn, Ulrich"]
[Black "Moeller, Peter1111"]
[Result "1-0"]
[WhiteElo "1740"]
[BlackElo "1500"]
[PlyCount "79"]
[EventDate "2013.11.27"]
[EventType "swiss"]
[EventRounds "9"]
[EventCountry "GER"]
[SourceTitle "EXT 2015"]
[Source "ChessBase"]
[SourceDate "2014.11.20"]
[SourceVersion "1"]
[SourceVersionDate "2014.11.20"]
[SourceQuality "1"]

1. d4 Nf6 2. Nc3 e6 3. Bg5 Be7 4. Nf3 c6 5. e4 0-0 6. e5 Ne8 7. Qd2 f6 8. Bh4 b6 9. Bd3 f5 10. Bxe7 Qxe7 11. Qg5 Qxg5 12. Nxg5 h6 13. Nf3 Ba6 14. 0-0-0 g5 15. Rhe1 Bxd3 16. Rxd3 Na6 17. a3 Nac7 18. Red1 Ng7 19. Ng1 f4 20. Ne4 Nce8 21. c4 Rf7 22. f3 Nf5 23. d5 Ne3 24. dxe6 dxe6 25. Rd8 Rxd8 26. Rxd8 Re7 27. Nd6 Kf8 28. g4 fxg3 29. hxg3 Nf5 30. g4 Nfg7 31. Rc8 c5 32. Ra8 h5 33. gxh5 Nxh5 34. Nh3 Nf4 35. Nxf4 gxf4 36. Kc2 a6 37. a4 b5 38. cxb5 axb5 39. axb5 c4 40. b6 1-0